Myths and Legends of India (Record no. 14162)
[ view plain ]
| 000 -LEADER | |
|---|---|
| fixed length control field | 00587nam a2200229 a 4500 |
| 020 ## - INTERNATIONAL STANDARD BOOK NUMBER | |
| ISBN | 8171671314 |
| 082 00 - DEWEY DECIMAL CLASSIFICATION NUMBER | |
| Classification number | 294.5 |
| Author Cutter | MAC |
| 100 ## - MAIN ENTRY--AUTHOR NAME | |
| Author name | Macfie, J M |
| 245 ## - TITLE STATEMENT | |
| Title | Myths and Legends of India |
| Sub title | A Introduction to the Study of Hinduism |
| 260 ## - PUBLICATION, DISTRIBUTION, ETC. (IMPRINT) | |
| Place of publication | Delhi |
| Name of publisher | Rupa and Co. |
| Year of publication | 2004 |
| 300 ## - PHYSICAL DESCRIPTION | |
| Number of Pages | 322p |
| 500 ## - GENERAL NOTE | |
| General note | includes index and biblioraphy |
| 650 ## - SUBJECT ADDED ENTRY--TOPICAL TERM | |
| Topical Term | Hinduism |
| 942 ## - ADDED ENTRY ELEMENTS (KOHA) | |
| Koha item type | Books |
| 700 1# - | |
| -- | Macfie, J M |
| Collection code | Home library | Current library | Date acquired | Cost, normal purchase price | Full call number | Accession Number | Koha item type |
|---|---|---|---|---|---|---|---|
| Henry Martyn Institute Library | Henry Martyn Institute Library | 04/13/2007 | 195.00 | 294.5 MAC | 021674 | Books |
